Catalog

Record Details

Catalog Search



Nationalsozialistische Konzentrationslager : Geschichte und Erinnerung  Cover Image Book Book

Nationalsozialistische Konzentrationslager : Geschichte und Erinnerung / Axel Drecoll und Michael Wildt ; unter Mitarbeit von Kolja Buchmeier (Hrsg.).

Summary:

"Obwohl die Geschichte der nationalsozialistischen Konzentrationslager seit einigen Jahrzehnten intensiv erforscht wird, bestehen noch immer Desiderate. Gleichzeitig wandelt sich der öffentliche Umgang mit der NS-Geschichte und ihren Folgen. Der Band versammelt neue Forschungsergebnisse und Debatten zur Geschichte und Nachgeschichte der Konzentrationslager sowie zu Erinnerungskultur und Gedenken. Präsentiert werden empirische Ergebnisse einer Vielzahl internationaler Forschungen mit innovativen Kategorien wie Raum, Geschlecht und Digitalität."--Nakladatelská anotace

Record details

  • ISBN: 978-3-86331-736-2
  • Physical Description: 392 stran : černobílé ilustrace ; 23 cm.
  • Publisher: Berlin : Metropol, [2024].

Content descriptions

Bibliography, etc. Note:
Obsahuje bibliografické poznámky a bibliografii
Subject: koncentrační tábory
sociální paměť
vyrovnání se s minulostí
concentration camps
social memory
coming to terms with the past
Německo
Germany
Genre: proceedings of conferences
sborníky konferencí

Available copies

  • 1 of 1 copy available at Common Catalog SPOK.

Holds

  • 0 current holds with 1 total copy.
Show Only Available Copies
Location Call Number / Copy Notes Barcode Shelving Location Status Due Date
Terezin Initiative Institute 6985 4594306985 Stacks Available -

Electronic resources

Version of Resource: Obsah


LDR 02636cam a22004694i 4500
00158630
003CZ-PrJAB
00520250109153535.0
008250109t20242024gw a f 100 0 ger d
020 . ‡a978-3-86331-736-2 ‡q(brožováno)
035 . ‡a(CZ PrSKC)002946871
035 . ‡a(OCoLC)1418845630
040 . ‡aDE-627 ‡bcze ‡cABB085 ‡erda
072 7. ‡a94(430/439) ‡xDějiny zemí střední Evropy ‡2Konspekt ‡98
1001 . ‡aDrecoll, Axel ‡4edt
24500. ‡aNationalsozialistische Konzentrationslager : ‡bGeschichte und Erinnerung / ‡cAxel Drecoll und Michael Wildt ; unter Mitarbeit von Kolja Buchmeier (Hrsg.).
264 1. ‡aBerlin : ‡bMetropol, ‡c[2024].
264 4. ‡c©2024
300 . ‡a392 stran : ‡bčernobílé ilustrace ; ‡c23 cm.
336 . ‡atext ‡btxt ‡2rdacontent
337 . ‡abez média ‡bn ‡2rdamedia
338 . ‡asvazek ‡bnc ‡2rdacarrier
4901 . ‡aReihe Forschungsbeiträge und Materialien der Stiftung Brandenburgische Gedenkstätten ; ‡vBand 36
504 . ‡aObsahuje bibliografické poznámky a bibliografii
5202 . ‡a"Obwohl die Geschichte der nationalsozialistischen Konzentrationslager seit einigen Jahrzehnten intensiv erforscht wird, bestehen noch immer Desiderate. Gleichzeitig wandelt sich der öffentliche Umgang mit der NS-Geschichte und ihren Folgen. Der Band versammelt neue Forschungsergebnisse und Debatten zur Geschichte und Nachgeschichte der Konzentrationslager sowie zu Erinnerungskultur und Gedenken. Präsentiert werden empirische Ergebnisse einer Vielzahl internationaler Forschungen mit innovativen Kategorien wie Raum, Geschlecht und Digitalität."--Nakladatelská anotace
65007. ‡akoncentrační tábory ‡7ph121782 ‡2czenas
65007. ‡asociální paměť ‡7ph114496 ‡2czenas
65007. ‡avyrovnání se s minulostí ‡7ph210129 ‡2czenas
65009. ‡aconcentration camps ‡2eczenas
65009. ‡asocial memory ‡2eczenas
65009. ‡acoming to terms with the past ‡2eczenas
651 7. ‡aNěmecko ‡7ge135889 ‡2czenas
651 9. ‡aGermany ‡2eczenas
655 9. ‡aproceedings of conferences ‡2eczenas
655 7. ‡asborníky konferencí ‡7fd133333 ‡2czenas
7001 . ‡aDrecoll, Axel, ‡d1974- ‡7zmp20231174395 ‡4edt
7001 . ‡aWildt, Michael, ‡d1954- ‡7jn20020912009 ‡4edt
7001 . ‡aBuchmeier, Kolja ‡4ctb
7112 . ‡aInternationale Konferenz zur Geschichte und Erinnerung der nationalsozialistischen Konzentrationslager ‡d(2021 : ‡conline) ‡4aut
8102 . ‡aStiftung Brandenburgische Gedenkstätten. ‡tForschungsbeiträge und Materialien der Stiftung Brandenburgische Gedenkstätten ; ‡vBand 36
85641. ‡uhttps://d-nb.info/1316570622/04 ‡yObsah ‡4N
910 . ‡aABB085 ‡x002946871 ‡bP7551 ‡wl
910 . ‡aABE340
995 . ‡aska
901 . ‡a58630 ‡bAUTOGEN ‡c58630 ‡tbiblio

Additional Resources